Evénements du 25 novembre - Statistiques

Statistiques générales
  • Ce quiz a été pris 35 fois
  • Le résultat moyen est 6 sur 15
Statistiques - réponses
Hint Réponse % Correct
Sortie en France de Mulan des Studios Disney 1998
77%
Départ des dernières troupes anglaises des Etats-Unis 1783
73%
Mort de Jacques Coeur, grand argentier de Charles VII 1456
69%
Premier départ de la Calypso du commandant Cousteau 1951
50%
Décès de Léon Zitrone 1995
50%
Décès de Gérard Philippe 1959
46%
Naissance du futur pape Jean XXIII 1881
42%
Indépendance du Surinam 1975
38%
Naufrage de la Blanche-Nef au cours duquel meurt le seul fils d'Henri 1er d'Angleterre 1120
31%
Bataille de Montgisard 1177
31%
Naissance de l'aviatrice Adrienne Bolland 1895
31%
Naissance de Léon Zitrone 1914
31%
Mort de l'abbé Prévost 1763
19%
Naissance de Francis Lemarque et Armand Mestral, chanteurs 1917
19%
Albert Einstein présente la théorie de la relativité à l'Académie des sciences de Prusse 1915
12%
Aucun quiz correspondant
Distribution des résultats
% des personnes avec chaque résultat
Percentile par nombre de réponses
Votre historique - résultats
Vous n’avez pas pris ce quiz